000 01211nam a22003977a 4500
001 0005309
003 KOHA_MİRAKIL
005 20260207001440.0
007 ta
008 090611b1981 tu |||gr||||#0|||0|tur |
020 _c0,01
040 _aTR-BiSEU
_btur
_cTR-BiSEU
_erda
041 0 _atur
044 _ctu
050 _aDR592.A8
_bA34 1981
100 1 _aAfetinan, A..
245 1 _aM. Kemal Atatürk'ten yazdıklarım/
_cA. Afetinan ; A. Afetinan.
264 1 _aAnkara :
_bKültür Bakanlığı
_c1981
300 _aIX, 123, [26] sayfa; levha; 23 cm.
336 _ametin
_btxt
_2rdacontent
337 _aaracısız
_bn
_2rdamedia
338 _acilt
_bnc
_2rdacarrier
490 1 _aKültür Bakanlığı yayınları ;
_vno.
490 1 _a399.
490 1 _aDoğumunun 100.
490 1 _ayılında Atatürk yayınları ;
_vno.
490 1 _a8.
650 0 _aAtatürk, Mustafa Kemal, 1881-1938--Siyasal ve sosyal görüşler.
_912780
830 1 _aKültür Bakanlığı yayınları ;
_vno.
_96658
830 1 _a399.
_912781
830 1 _aDoğumunun 100.
_912782
830 1 _ayılında Atatürk yayınları ;
_vno.
_912783
830 1 _a8.
_99952
907 _aTarih
942 _2lcc
_cBK
999 _c5291
_d5291